| 000 | 00481nam a2200169Ia 4500 | ||
|---|---|---|---|
| 999 |
_c9448 _d9448 |
||
| 003 | OSt | ||
| 005 | 20191230123104.0 | ||
| 008 | 190216s9999||||xx |||||||||||||| ||und|| | ||
| 040 | _coclc | ||
| 082 |
_a330.182 _bKOT/Q |
||
| 100 |
_aKothari, C R _9817 |
||
| 245 | 0 |
_aQuantitative Techniques / _cC R Kothari |
|
| 260 |
_bVikas Publishing House, _c1978. _aNew Delhi: |
||
| 300 | _a369p | ||
| 650 | _aEconomics | ||
| 942 |
_cBK _2ddc _h330.182 _iKOT/Q _k330.182 _mKOT/Q |
||